Statistics for Seraph of the End / Owari no Seraph

Click here to take the quiz!

General Stats

  • This quiz has been taken 387 times
    (383 since last reset)
  • The average score is 21 of 65

Answer Stats

HintAnswer% Correct
HumanYuichiro Hyakuya
100%
VampireMikaela Hyakuya
96%
HumanGuren Ichinose
89%
HumanShinoa Hiragi
88%
VampireKrul Tepes
81%
VampireFerid Bathory
80%
HumanYoichi Saotome
79%
HumanMitsuba Sangu
76%
HumanShiho Kimizuki
76%
VampireCrowley Eusford
72%
DemonAsuramaru
57%
HumanKureto Hiragi
56%
HumanMahiru Hiragi
51%
VampireChess Belle
50%
VampireLacus Welt
47%
HumanMito Jujo
47%
VampireRene Simm
44%
VampireHorn Skuld
43%
HumanNorito Goshi
43%
HumanAoi Sangu
42%
HumanMakoto Narumi
42%
HumanSayuri Hanayori
41%
VampireLest Karr
39%
HumanAkane Hyakuya
36%
HumanShigure Yukimi
35%
DemonKiseki-O
33%
DemonGekkoin
29%
HumanMirai Kimizuki
29%
HumanRika Inoue
29%
HumanTenri Hiragi
29%
HumanYayoi Endo
28%
HumanShinya Hiragi
26%
VampireLucal Wesker
25%
VampireSaito
25%
HumanSeishiro Hiragi
24%
DemonShikama Doji
22%
DemonByakkomaru
20%
HumanAiko Aihara
19%
HumanTaro Kagiyama
19%
HumanShusaku Iwasaki
17%
HumanTaichi Hyakuya
14%
BatArukanu
12%
HumanChihiro Hyakuya
12%
DemonMahiru-no-Yo
12%
VampireMel Stefano
12%
DemonNoya
12%
HumanAko Hyakuya
11%
HumanEita Kusunoki
11%
VampireEsther Lee
11%
HumanFumie Hyakuya
11%
DemonRaimeiki
11%
DemonTenjiryu
11%
HumanKota Hyakuya
8%
HumanSatoshi Yamanaka
7%
DemonGenbushin
6%
HumanNagai
6%
VampireNoin Teta
6%
VampireShahal
5%
VampireZane Lindau
5%
HumanSakae Ichinose
4%
DemonAkahebi
3%
HumanRiko
3%
HumanIori Mitsuki
2%
HumanTomone Saotome
2%
HumanYugi
0%

Score Distribution

Percentile by Number Answered

Percent of People with Each Score

Your Score History

You have not taken this quiz since the last reset